000
00228nam a22000857a 4500
003
SGT
245
_a
CIVIL ENGINEERING CONSTRUCTION REVIEW (MAY-AUG)
260
_a
NEW DELHI
_b
H&K ROLLING MILL ENGINEERS PVT LTD
_c
2011
942
_2
ddc
_c
BV
999
_c
17308
_d
17308